| Tag |
First Indicator |
Second Indicator |
Subfields |
| LEADER |
00000cam a2200000 a 4500 |
| 001 |
in00000033161 |
| 005 |
20151007055136.0 |
| 008 |
871008s1987 nju 00100 eng |
| 010 |
|
|
|a 87029123
|
| 020 |
|
|
|a 0878666796 (pbk.) :
|c $29.95
|
| 035 |
|
|
|a (OCoLC)16900741
|
| 035 |
|
|
|9 AAB7378AM
|
| 040 |
|
|
|a DLC
|c DLC
|d TXA
|d UtOrBLW
|
| 043 |
|
|
|a n-us---
|
| 049 |
|
|
|a TXAM
|c [A11645022]
|
| 050 |
0 |
0 |
|a LB1028.7
|b .D57 1987
|
| 082 |
0 |
|
|a 016.378/179445
|2 19
|
| 245 |
0 |
0 |
|a Directory of software sources for higher education :
|b a resource guide for instructional applications /
|c compiled by the Educational Software Library of Carnegie Mellon University for the EDUCOM Software Initiative ; editor, Peggy Seiden.
|
| 264 |
|
1 |
|a Princeton, N.J. :
|b Peterson's Guides,
|c [1987]
|
| 264 |
|
4 |
|c ©1987
|
| 300 |
|
|
|a 169 pages ;
|c 28 cm.
|
| 336 |
|
|
|a text
|b txt
|2 rdacontent
|
| 337 |
|
|
|a unmediated
|b n
|2 rdamedia
|
| 338 |
|
|
|a volume
|b nc
|2 rdacarrier
|
| 500 |
|
|
|a Includes indexes.
|
| 650 |
|
0 |
|a Computer-assisted instruction
|z United States
|x Software
|x Catalogs.
|
| 650 |
|
0 |
|a Education, Higher
|x Curricula
|z United States.
|
| 700 |
1 |
|
|a Seiden, Peggy,
|d 1954-
|
| 710 |
2 |
|
|a Carnegie-Mellon University.
|b Educational Software Library.
|
| 710 |
2 |
|
|a Educom.
|b Software Initiative.
|
| 999 |
|
|
|a MARS
|
| 999 |
f |
f |
|s 5b6581c5-367e-37cb-84fc-3c1680dae8e5
|i a16cda51-e0b5-3e04-856e-8b8926ae0d88
|t 0
|
| 952 |
f |
f |
|p normal
|a Texas A&M University
|b College Station
|c Sterling C. Evans Library
|d Evans: Library Stacks
|t 0
|e LB1028.7 .D57 1987
|h Library of Congress classification
|i unmediated -- volume
|m A14811645022
|
| 998 |
f |
f |
|a LB1028.7 .D57 1987
|t 0
|l Evans: Library Stacks
|